Statistics for Top 10 Smallest Countries in the Americas By Population and Area

Click here to take the quiz!

General Stats

  • This quiz has been taken 30 times
  • The average score is 17 of 20

Answer Stats

PopulationCountry% Correct
170Barbados
100%
281,912Barbados
100%
47,732Saint Kitts and Nevis
100%
101Saint Kitts and Nevis
100%
180,159Saint Lucia
100%
208Saint Lucia
100%
72,969Dominica
96%
4,244Jamaica
96%
150Saint Vincent and the Grenadines
96%
1,980Trinidad and Tobago
96%
412,006Bahamas
91%
5,383Bahamas
91%
126,009Grenada
91%
133Grenada
91%
94,173Antigua and Barbuda
87%
171Antigua and Barbuda
87%
409,522Belize
87%
622,020Suriname
70%
103,757Saint Vincent and the Grenadines
13%
290Dominca
4%

Score Distribution

Percentile by Number Answered

Percent of People with Each Score

Your Score History

You have not taken this quiz